Sports Quiz

Random Sports or Letter Quiz
Score 0/25 Timer 08:00
2 Plays Today
Letter Team Name % Correct
EChicago Bears
91.9%
AUtah Jazz
87.9%
BDallas Cowboys
87.6%
NNew York Knicks
87.4%
FKansas City Chiefs
86.7%
CColorado Rockies
83.4%
SSan Antonio Spurs
82.7%
TDetroit Pistons
81%
WMilwaukee Brewers
79.7%
JToronto Blue Jays
76.4%
IMiami Dolphins
75.2%
PWashington Capitals
70.9%
VBaltimore Ravens
66.1%
Letter Team Name % Correct
MLos Angeles Rams
65.3%
OLos Angeles Dodgers
63.9%
ZPortland Trail Blazers
60.2%
UJacksonville Jaguars
51.1%
KMinnesota Vikings
49.4%
YArizona Coyotes
48.2%
LMemphis Grizzlies
45.1%
XHouston Texans
41.6%
DNashville Predators
37.7%
RSan Jose Sharks
31.1%
HSeattle Seahawks
29%
GTexas Rangers
18.8%
Remove Ads.
Support Sporcle.
Get the best of Sporcle when you Go Orange. This ad-free experience offers more features, more stats, and more fun while also helping to support Sporcle. Thank you for becoming a member.

You're not logged in!

Compare scores with friends on all Sporcle quizzes.
OR
Log In

Sporcle TV

Today on Sporcle TV


Watch our educational content, quiz creation guides, and fun videos on Sporcle TV.

Show Comments

Extras

Top Quizzes Today


Score Distribution

Paid Content

Your Account Isn't Verified!

In order to create a playlist on Sporcle, you need to verify the email address you used during registration. Go to your Sporcle Settings to finish the process.

Report this User

Report this user for behavior that violates our Community Guidelines.

Details: